000 00531nam a2200181Ia 4500
008 240925s9999 xx 000 0 und d
020 _a9788131790540
082 _a004.6 KUR
100 _aKurose F. James; Ross W. Keith
245 0 _aComputer Networking: a top down approach
250 _a5th
260 _aNew Delhi:
_bPearson Education
_c,2010.
300 _axxiii,584p.
_bN.A
_fOriginal
500 _aIncludes Index
600 _aComputer Science
650 _aComputer science, information & general works
942 _cBK
999 _c12370
_d12370